| 000 | 00771nam a2200241 a 4500 | ||
|---|---|---|---|
| 001 | BRCA_8204 | ||
| 005 | 20190320210156.0 | ||
| 008 | 150514s1950----ne-####f##---#001-0#dut-# | ||
| 041 | _adut | ||
| 044 | _ane | ||
| 050 | 4 |
_aHN460 _b.B5 |
|
| 100 | 1 |
_aGelissen, H. _920444 |
|
| 245 | 1 | 0 |
_aBijdrage tot de Wederopbouw der Nederlands-Duitse betrekkingen = Beitrag zum wiederaufbau der Deutsch-Niederländeschen beziehungen _cH. Gelissen. |
| 260 |
_aHolanda _bNederlandese Kamer _c[1950] |
||
| 300 |
_a80 p. _c22 cm. |
||
| 500 | _aU84 | ||
| 546 | _aTexto en: holandés y alemán | ||
| 650 | 1 | 4 |
_aPolítica exterior _920445 |
| 651 | 4 |
_aHolanda _vReconstrucción política _920446 |
|
| 651 | 4 |
_aAlemania _vReconstrucción política _920447 |
|
| 902 | _aGFM | ||
| 942 |
_2lcc _cB |
||
| 999 |
_c7872 _d7872 |
||